000 02688cam a22006494i 4500
003 PE-LiUPU
005 20250731180059.0
008 110317s2010 sp a rb 000 0 spa d
015 _aMON1103
020 _a848363628X
020 _a9788483636282
035 _a(Sirsi) i9788483636282
040 _aBNM
_bspa
_cBNM
_dSUE
_cPE-LiUPU
_erda
049 _aPRUA
080 _a532.517.2(076.5)
082 _a532.517
_bA59 2011
100 _aAndrés-Doménech, Ignacio,
_eautor.
245 0 0 _aHidráulica del flujo en lámina libre :
_bcuestiones conceptuales
_cIgnacio Andrés-Doménech, Francisco José Vallés Morán, Miguel Ángel Eguibar Galán, Eduardo Albentosa Hernández.
250 _aPrimera edición.
264 _aValencia
_bEditorial Universitat Politècnica de València
_c2010
300 _a98 páginas :
_bilustraciones ;
_c24 centímetros.
336 _atext
_2rdacontent
337 _aunmediated
_2rdamedia
338 _avolume
_2rdacarrier
505 _aEstados de flujo -- Régimes uniforme y función de capacidad hidráulica -- Régimen crítico -- Energía específica -- Régimen gradualmente variado -- Resalto hidráulico -- Desague bajo compuerta -- Cuestionrd generales.
526 _aSEG44
526 _aSEG26
526 _aP159
526 _aP155
526 _aP154
526 _aP153
526 _aP150
526 _aP100
526 _aP31
526 _aP30
526 _aP26
526 _aP25
526 _aP24
526 _aP22
526 _aP15
526 _aP10
541 _g0020-0000868;
650 7 _aFlujo laminar.
650 0 4 _aHidráulica.
650 0 4 _aIngeniería hidráulica.
700 1 _aAlbentosa Hernández, Eduardo,
_eautor.
700 1 _aEguibar Galán, Miguel Ángel,
_eautor.
700 1 _aVallés Morán, Francisco José,
_eautor.
910 _armch
_btqv
_cemss
_d20160725
942 _2ddc
_cBOOK
949 _a532 A59
_wDEWEY
_c1
_i72706
_lCCODEBUL1
_mBUL
_p12.99
_r0
_sY
_tBOOK
_u2016-4-14
_xINGENIERIA
_PP25
_0COMPRA
_o.STAFF. Colección General
949 _a532.517 A59 2011
_wDEWEY
_c1
_iFJ01255
_lCCODEBUJ1
_mBUJ
_p16.92
_r0
_sY
_tBOOK
_u2016-7-25
_xINGENIERIA
_PP25
_0COMPRA
_o.STAFF. Colección General Juliaca
994 _aC0
_bPEPRU
596 _a1 3
999 _a532 A59
_wDEWEY
_c11133
_i72706
_d11133
_e2018-11-8
_f2021-11-9
_g7
_lCCODEBUL1
_mBUL
_n1
_p12.99
_r0
_sY
_tBOOK
_u2016-4-14
_xINGENIERIA
_PP25
_0COMPRA
_o.STAFF. Colección General
999 _a532.517 A59 2011
_wDEWEY
_c1
_iFJ01255
_f2022-1-19
_g4
_lCCODEBUJ1
_mBUJ
_p16.92
_r0
_sY
_tBOOK
_u2016-7-25
_xINGENIERIA
_PP25
_0COMPRA
_o.STAFF. Colección General Juliaca
980 _81
_gALBERTO SANCHEZ Responsable de Automatización